| 000 | 00376pab a2200145 454500 | ||
|---|---|---|---|
| 008 | 180718b1999 xxu||||| |||| 00| 0 eng d | ||
| 100 | _aRath, S.S. | ||
| 245 | _aMajority rule and minority preference in group decision making | ||
| 260 | _c1999 | ||
| 300 | _ap.68-73 | ||
| 362 | _aApr-Jun | ||
| 650 | _aDecision making | ||
| 773 | _aIndian Economic Journal | ||
| 909 | _a41535 | ||
| 999 |
_c41535 _d41535 |
||